[Event "Rusia tch 2011"]
[Site "Olginka RUS"]
[Date "2011.04.12"]
[Round "1.11"]
[White "Chadaev, Nikolai"]
[Black "Rublevsky, Sergei"]
[Result "1/2-1/2"]
[WhiteElo "2573"]
[BlackElo "2678"]
[PlyCount "96"]
[EventDate "2011.04.12"]
[EventType "team"]
[EventRounds "11"]
[EventCountry "RUS"]
[Source "lmi"]
[SourceDate "2011.04.12"]
[WhiteTeam "Rusia"]
[BlackTeam "Rusia"]
[WhiteTeamCountry "RUS"]
[BlackTeamCountry "RUS"]

1. e4 c5 2. Nf3 e6 3. g3 d5 4. exd5 exd5 5. d4 Nf6 6. Bg2 Be7 7. O-O O-O 8.
dxc5 Bxc5 9. Nbd2 Nc6 10. Nb3 Bb6 11. c3 Ne4 12. Nbd4 Bg4 13. Qd3 Re8 14. Be3
Bxf3 15. Bxf3 Ne5 16. Qe2 Nc4 17. Rfe1 Nf6 18. Rad1 Nxe3 19. fxe3 Re5 20. Rd3
Qe7 21. Nc2 Re8 22. Qd2 Qe6 23. Kg2 Ne4 24. Bxe4 dxe4 25. Rd7 Qxa2 26. Nb4 Qe6
27. Nd5 Rf5 28. Nf4 Qc6 29. Rd1 h5 30. Qe2 Ree5 31. R1d6 Qc5 32. Rd4 Kh7 33.
Rxb7 Qb5 34. c4 Qb3 35. Rdd7 Qxe3 36. Qxe3 Bxe3 37. Rxf7 Rxf7 38. Rxf7 Ra5 39.
Re7 Ra2 40. Nxh5 Rxb2+ 41. Kh3 a5 42. Nf6+ Kg6 43. Nxe4 a4 44. Nc3 Bg1 45. Nxa4
Rxh2+ 46. Kg4 Ra2 47. Nc3 Rc2 48. Nd5 Rxc4+ 1/2-1/2

[Event "Rusia tch 2011"]
[Site "Olginka RUS"]
[Date "2011.04.12"]
[Round "1.22"]
[White "Malaniuk, Vladimir P"]
[Black "Vitiugov, Nikita"]
[Result "1/2-1/2"]
[WhiteElo "2494"]
[BlackElo "2720"]
[PlyCount "82"]
[EventDate "2011.04.12"]
[EventType "team"]
[EventRounds "11"]
[EventCountry "RUS"]
[Source "lmi"]
[SourceDate "2011.04.12"]
[WhiteTeam "Ucrania"]
[BlackTeam "Rusia"]
[WhiteTeamCountry "UKR"]
[BlackTeamCountry "RUS"]

1. d4 Nf6 2. Nf3 d5 3. c4 e6 4. Nc3 Bb4 5. cxd5 exd5 6. Bg5 Nbd7 7. e3 c5 8.
Bd3 c4 9. Bf5 Qa5 10. Qc2 O-O 11. O-O Re8 12. Nd2 g6 13. Bh3 Bxc3 14. Qxc3 Qxc3
15. bxc3 Kg7 16. Rfb1 b6 17. a4 h6 18. Bf4 g5 19. Bxd7 Bxd7 20. Be5 Kg6 21. f3
Bf5 22. Rb5 Bd7 23. Rbb1 Bc6 24. Kf2 Nd7 25. Bg3 Re6 26. Re1 Rae8 27. h4 a5 28.
hxg5 hxg5 29. Nf1 f5 30. Reb1 Ba8 31. Rb2 Kf7 32. Rab1 Bc6 33. Ra1 Rc8 34. Bh2
Ke7 35. Bg3 Ba8 36. Rab1 Bc6 37. Ra1 Kf6 38. Bh2 Kg6 39. Bg3 Ba8 40. Rab1 Bc6
41. Ra1 Kf7 1/2-1/2

[Event "Rusia tch 2011"]
[Site "Olginka RUS"]
[Date "2011.04.12"]
[Round "1.23"]
[White "Movsesian, Sergei"]
[Black "Danin, Alexandre"]
[Result "1-0"]
[WhiteElo "2716"]
[BlackElo "2543"]
[PlyCount "67"]
[EventDate "2011.04.12"]
[EventType "team"]
[EventRounds "11"]
[EventCountry "RUS"]
[Source "lmi"]
[SourceDate "2011.04.12"]
[WhiteTeam "Armenia"]
[BlackTeam "Rusia"]
[WhiteTeamCountry "ARM"]
[BlackTeamCountry "RUS"]

1. e4 e6 2. d3 c5 3. Nf3 Nc6 4. g3 Nge7 5. c3 g6 6. h4 h6 7. d4 cxd4 8. cxd4 d5
9. e5 Qb6 10. Nc3 Nf5 11. Ne2 Bb4+ 12. Bd2 Bxd2+ 13. Qxd2 Qb4 14. g4 Qxd2+ 15.
Kxd2 Ng7 16. h5 g5 17. Ne1 O-O 18. Nd3 f6 19. Bg2 Ne8 20. Rhf1 a5 21. f4 Nb4
22. Nxb4 axb4 23. Nc1 gxf4 24. Rxf4 fxe5 25. Rxf8+ Kxf8 26. dxe5 Bd7 27. Nd3 b3
28. a3 Ra4 29. Bf3 Bb5 30. Nc5 Rc4 31. Rc1 Ke7 32. Rxc4 Bxc4 33. Nxb7 Nc7 34.
a4 1-0

[Event "Rusia tch 2011"]
[Site "Olginka RUS"]
[Date "2011.04.12"]
[Round "1.31"]
[White "Shimanov, Aleksandr"]
[Black "Nepomniachtchi, Ian"]
[Result "1/2-1/2"]
[WhiteElo "2550"]
[BlackElo "2729"]
[PlyCount "119"]
[EventDate "2011.04.12"]
[EventType "team"]
[EventRounds "11"]
[EventCountry "RUS"]
[Source "lmi"]
[SourceDate "2011.04.12"]
[WhiteTeam "Rusia"]
[BlackTeam "Rusia"]
[WhiteTeamCountry "RUS"]
[BlackTeamCountry "RUS"]

1. d4 g6 2. c4 Bg7 3. Nf3 d6 4. Nc3 Bg4 5. g3 Bxf3 6. exf3 c6 7. d5 Nf6 8. Bg2
cxd5 9. cxd5 O-O 10. O-O Nbd7 11. Be3 Nb6 12. Qb3 Nfd7 13. Ne4 Rc8 14. Rac1
Rxc1 15. Rxc1 Qb8 16. a4 Rc8 17. Rxc8+ Qxc8 18. Bf1 Nc5 19. Nxc5 dxc5 20. a5
Nd7 21. Bh3 f5 22. Bf1 Ne5 23. Be2 Nf7 24. Qc2 Nd6 25. Qxc5 Qxc5 26. Bxc5 Bxb2
27. Bxa7 Nc8 28. Bb8 Bd4 29. Kf1 Nd6 30. Bc7 Kf8 31. a6 bxa6 32. Bxa6 Ke8 33.
Ba5 Kd7 34. Bb4 Bb6 35. Ke2 Ke8 36. Bc3 Kf7 37. Bd3 Bc5 38. Be5 Nc8 39. Bc2 Nb6
40. Bb3 Nd7 41. Bc3 Kf8 42. Ba4 Nf6 43. Bb3 Ke8 44. Be5 Kf8 45. Bf4 Kg7 46. h3
h5 47. Be5 Kf8 48. Bc3 Kg7 49. Be1 Kf8 50. Kd3 Ba7 51. Ke2 Bc5 52. Bd2 Kg7 53.
Bc1 Kf8 54. Bh6+ Ke8 55. Ba4+ Kf7 56. Bc6 Bd6 57. Be3 Bc7 58. Bd4 Bd6 59. Kd3
h4 60. gxh4 1/2-1/2

[Event "Rusia tch 2011"]
[Site "Olginka RUS"]
[Date "2011.04.12"]
[Round "1.33"]
[White "Ionov, Sergey"]
[Black "Tomashevsky, Evgeny"]
[Result "1/2-1/2"]
[WhiteElo "2541"]
[BlackElo "2707"]
[PlyCount "72"]
[EventDate "2011.04.12"]
[EventType "team"]
[EventRounds "11"]
[EventCountry "RUS"]
[Source "lmi"]
[SourceDate "2011.04.12"]
[WhiteTeam "Rusia"]
[BlackTeam "Rusia"]
[WhiteTeamCountry "RUS"]
[BlackTeamCountry "RUS"]

1. Nf3 Nf6 2. c4 e6 3. d4 d5 4. e3 Be7 5. b3 O-O 6. Bd3 c5 7. O-O cxd4 8. exd4
b6 9. Bb2 Bb7 10. Nbd2 Nc6 11. Rc1 Rc8 12. Qe2 Re8 13. Rfd1 Bf8 14. Bb1 g6 15.
Qe3 Bg7 16. h3 Qe7 17. Ne5 Red8 18. Ndf3 Qf8 19. Nxc6 Bxc6 20. Ne5 Ba8 21. c5
Nd7 22. Nxd7 Rxd7 23. b4 bxc5 24. bxc5 Bh6 25. f4 Bc6 26. Bc3 Rb8 27. Bc2 Qd8
28. g3 Bg7 29. Rb1 Rdb7 30. Rb3 Qc7 31. Rdb1 Bf6 32. Kf2 Bb5 33. Bd3 Ba4 34.
Rxb7 Rxb7 35. Rxb7 Qxb7 36. Qd2 h5 1/2-1/2

[Event "Rusia tch 2011"]
[Site "Olginka RUS"]
[Date "2011.04.12"]
[Round "1.42"]
[White "Maletin, Pavel"]
[Black "Giri, Anish"]
[Result "1/2-1/2"]
[WhiteElo "2584"]
[BlackElo "2690"]
[PlyCount "137"]
[EventDate "2011.04.12"]
[EventType "team"]
[EventRounds "11"]
[EventCountry "RUS"]
[Source "lmi"]
[SourceDate "2011.04.12"]
[WhiteTeam "Rusia"]
[BlackTeam "Holanda"]
[WhiteTeamCountry "RUS"]
[BlackTeamCountry "NED"]

1. d4 Nf6 2. c4 e6 3. Nc3 Bb4 4. Qc2 O-O 5. a3 Bxc3+ 6. Qxc3 d5 7. Bg5 c5 8. e3
cxd4 9. Qxd4 Nc6 10. Qc3 dxc4 11. Bxc4 e5 12. Nf3 h6 13. Rd1 Qe7 14. Bxf6 Qxf6
15. Bd5 Re8 16. O-O Bg4 17. h3 Bh5 18. Rc1 Rac8 19. Qb3 Re7 20. Rc5 Bxf3 21.
Bxf3 Rd8 22. Bxc6 bxc6 23. Qa4 Rd6 24. Qe4 Ree6 25. b4 Rd2 26. Ra5 Rd7 27. g3
g6 28. Kg2 Kg7 29. h4 h5 30. Qf3 Qxf3+ 31. Kxf3 e4+ 32. Kg2 Rf6 33. Re5 Rd3 34.
Ra5 c5 35. bxc5 Rf5 36. Rxa7 Rxc5 37. Re7 Rxa3 38. Rxe4 Rc2 39. Rb1 Raa2 40.
Rf4 Rcb2 41. Rxb2 Rxb2 42. Ra4 f5 43. Kf3 Kh6 44. Ra7 Rc2 45. Rf7 Ra2 46. Rd7
Rb2 47. Rd1 Ra2 48. Re1 Ra4 49. Re2 Kg7 50. Rd2 Kh6 51. Ke2 Ra3 52. f3 Kg7 53.
Kf2 Kf6 54. Rd6+ Kf7 55. g4 hxg4 56. fxg4 fxg4 57. Rd4 g3+ 58. Kf3 g2 59. Rf4+
Kg7 60. Rg4 Ra4 61. e4 Ra3+ 62. Kxg2 Kf6 63. Rg3 Ra5 64. Kf3 Rh5 65. Kg4 Re5
66. Re3 Ke6 67. Re1 Kf6 68. Kf4 Rh5 69. Kg4 1/2-1/2

[Event "Rusia tch 2011"]
[Site "Olginka RUS"]
[Date "2011.04.12"]
[Round "1.43"]
[White "Riazantsev, Alexander"]
[Black "Kokarev, Dmitry"]
[Result "1/2-1/2"]
[WhiteElo "2679"]
[BlackElo "2576"]
[PlyCount "61"]
[EventDate "2011.04.12"]
[EventType "team"]
[EventRounds "11"]
[EventCountry "RUS"]
[Source "lmi"]
[SourceDate "2011.04.12"]
[WhiteTeam "Rusia"]
[BlackTeam "Rusia"]
[WhiteTeamCountry "RUS"]
[BlackTeamCountry "RUS"]

1. d4 Nf6 2. c4 g6 3. Nc3 Bg7 4. e4 d6 5. h3 O-O 6. Nf3 Na6 7. Bg5 c6 8. a3 Nc7
9. Bd3 b5 10. cxb5 Nxb5 11. Nxb5 cxb5 12. O-O a6 13. Qe2 Bb7 14. a4 bxa4 15.
Rxa4 d5 16. e5 Ne4 17. Rfa1 Nxg5 18. Nxg5 Qb6 19. Nf3 Rfb8 20. b4 Bc6 21. Rxa6
Qxb4 22. Rxa8 Rxa8 23. Rxa8+ Bxa8 24. Qc2 Qb7 25. h4 Qc6 26. Qd2 Bb7 27. h5 Ba6
28. Bxa6 Qxa6 29. Qf4 Qc8 30. g4 f6 31. hxg6 1/2-1/2

[Event "Rusia tch 2011"]
[Site "Olginka RUS"]
[Date "2011.04.12"]
[Round "1.45"]
[White "Grachev, Boris"]
[Black "Ovetchkin, Roman"]
[Result "1/2-1/2"]
[WhiteElo "2675"]
[BlackElo "2487"]
[PlyCount "109"]
[EventDate "2011.04.12"]
[EventType "team"]
[EventRounds "11"]
[EventCountry "RUS"]
[Source "lmi"]
[SourceDate "2011.04.12"]
[WhiteTeam "Rusia"]
[BlackTeam "Rusia"]
[WhiteTeamCountry "RUS"]
[BlackTeamCountry "RUS"]

1. c4 e6 2. Nc3 d5 3. d4 Bb4 4. e3 Nf6 5. a3 Bxc3+ 6. bxc3 c5 7. cxd5 Qxd5 8.
Nf3 b6 9. Bb5+ Bd7 10. Be2 cxd4 11. c4 Qb7 12. exd4 Bc6 13. O-O Nbd7 14. a4 O-O
15. Qb3 Qc7 16. Rd1 Rfe8 17. Bg5 Rac8 18. Bh4 Nh5 19. Bf1 Qf4 20. Bg5 Qf5 21.
Bd3 Be4 22. Bxe4 Qxe4 23. a5 h6 24. Be3 Nhf6 25. h3 Rc7 26. axb6 axb6 27. Ra4
Ra8 28. Rxa8+ Qxa8 29. d5 exd5 30. cxd5 Ra7 31. Kh2 Ra5 32. d6 Rd5 33. Bf4 Rxd1
34. Qxd1 Qe4 35. Bg3 b5 36. Qa1 b4 37. Qa4 Qb7 38. Nd2 Nc5 39. Qa5 Nfd7 40. Nc4
b3 41. Qc3 Na4 42. Qe3 b2 43. Qe8+ Nf8 44. Ne5 Nc5 45. d7 Ncxd7 46. Qxf7+ Kh7
47. Qf5+ Kh8 48. Qb1 Qb4 49. Nd3 Qe4 50. Qd1 Qb7 51. Qb1 Qe4 52. f3 Qf5 53. Qd1
Qb5 54. Qb1 Qf5 55. Qd1 1/2-1/2

[Event "Rusia tch 2011"]
[Site "Olginka RUS"]
[Date "2011.04.12"]
[Round "1.46"]
[White "Vokarev, Sergey"]
[Black "Najer, Evgeniy"]
[Result "0-1"]
[WhiteElo "2455"]
[BlackElo "2638"]
[PlyCount "80"]
[EventDate "2011.04.12"]
[EventType "team"]
[EventRounds "11"]
[EventCountry "RUS"]
[Source "lmi"]
[SourceDate "2011.04.12"]
[WhiteTeam "Rusia"]
[BlackTeam "Rusia"]
[WhiteTeamCountry "RUS"]
[BlackTeamCountry "RUS"]

1. e4 c5 2. Nf3 e6 3. d4 cxd4 4. Nxd4 Nf6 5. Nc3 d6 6. g3 Nc6 7. Bg2 Bd7 8. O-O
Be7 9. Re1 O-O 10. Nxc6 Bxc6 11. Qe2 Rc8 12. Bf4 Qb6 13. Qe3 Qxe3 14. Bxe3 a6
15. a4 Bd8 16. Bf4 Bc7 17. Red1 Rfd8 18. a5 h6 19. f3 Kh7 20. Be3 g5 21. Kf2
Kg6 22. Bf1 g4 23. Bd3 Kg7 24. f4 h5 25. Bd4 Rh8 26. Ke3 h4 27. e5 dxe5 28.
Bxe5 hxg3 29. hxg3 Bxe5 30. fxe5 Nd7 31. Kf4 Rh5 32. Re1 Bf3 33. Na4 Rd8 34.
Ra3 Nxe5 35. Rxe5 Rd4+ 36. Ke3 Rxd3+ 37. Kxd3 Rxe5 38. b4 Re1 39. Nc5 f5 40. c4
f4 0-1

[Event "Rusia tch 2011"]
[Site "Olginka RUS"]
[Date "2011.04.12"]
[Round "1.54"]
[White "Ajrapetian, Gevorg"]
[Black "Konyshev, Artem"]
[Result "1-0"]
[WhiteElo "2419"]
[BlackElo "2379"]
[PlyCount "69"]
[EventDate "2011.04.12"]
[EventType "team"]
[EventRounds "11"]
[EventCountry "RUS"]
[Source "lmi"]
[SourceDate "2011.04.12"]
[WhiteTeam "Rusia"]
[BlackTeam "Rusia"]
[WhiteTeamCountry "RUS"]
[BlackTeamCountry "RUS"]

1. e4 c6 2. d4 d5 3. e5 Bf5 4. Nf3 e6 5. Be2 Nd7 6. O-O h6 7. Nbd2 Ne7 8. Nb3
Qc7 9. Bd2 g5 10. a4 Bg6 11. a5 a6 12. Rc1 O-O-O 13. Bb4 Nf5 14. Bxf8 Rhxf8 15.
c4 dxc4 16. Rxc4 f6 17. exf6 Rxf6 18. Qe1 Nd6 19. Rc1 Be4 20. Ne5 Bd5 21. Nxd7
Rxd7 22. Nc5 Rdf7 23. Bg4 Qe7 24. Qe2 Nf5 25. Qe5 Ng7 26. Nxa6 Qd8 27. Nb4 Nf5
28. a6 Qb6 29. Nxd5 exd5 30. Qxd5 Qxa6 31. Bxf5+ Rxf5 32. Qe6+ Kb8 33. Qd6+ Kc8
34. Rfe1 Rf8 35. Ra1 1-0

[Event "Rusia tch 2011"]
[Site "Olginka RUS"]
[Date "2011.04.12"]
[Round "1.56"]
[White "Venevtsev, Andrey"]
[Black "Cheremnova, Tamara"]
[Result "0-1"]
[WhiteElo "2330"]
[BlackElo "2221"]
[PlyCount "158"]
[EventDate "2011.04.12"]
[EventType "team"]
[EventRounds "11"]
[EventCountry "RUS"]
[Source "lmi"]
[SourceDate "2011.04.12"]
[WhiteTeam "Rusia"]
[BlackTeam "Rusia"]
[WhiteTeamCountry "RUS"]
[BlackTeamCountry "RUS"]

1. e4 c6 2. Nc3 d5 3. Nf3 Bg4 4. d4 e6 5. Be2 Nf6 6. e5 Nfd7 7. Ng5 Bxe2 8.
Qxe2 h6 9. Nxe6 fxe6 10. Qh5+ Ke7 11. Bg5+ hxg5 12. Qxh8 Qe8 13. O-O Kd8 14. f4
c5 15. f5 cxd4 16. Nb5 a6 17. fxe6 axb5 18. exd7 Nxd7 19. Qg8 Kc7 20. Rae1 Bb4
21. Qxd5 Bxe1 22. Rxe1 Qe7 23. e6 Re8 24. Qxb5 Nc5 25. Qc4 Kb8 26. Qxd4 Nxe6
27. Qe5+ Qc7 28. Qd5 Qb6+ 29. Kh1 Qc6 30. Qd2 Rh8 31. Qe3 Rh6 32. Qe5+ Qc7 33.
Kg1 Qxe5 34. Rxe5 Rf6 35. a4 Kc7 36. h3 Kd6 37. Rb5 Rf7 38. c3 Nc5 39. a5 Kc6
40. Rb6+ Kd5 41. b3 Ke4 42. Rb5 Ne6 43. Rb6 Nf4 44. c4 Kd4 45. Kh2 Ne2 46. Re6
Nc1 47. Rb6 Kc3 48. a6 bxa6 49. Rxa6 Nxb3 50. Rg6 Kxc4 51. Rxg5 Nd2 52. h4 Kd4
53. h5 Ne4 54. Rg6 Nf6 55. g4 Ke5 56. Kg3 Ng8 57. Ra6 Rb7 58. Rg6 Rd7 59. Ra6
Nf6 60. Ra4 Ne4+ 61. Kh3 Rd3+ 62. Kh4 Rd1 63. Ra5+ Ke6 64. g5 Rh1+ 65. Kg4 Rg1+
66. Kf4 Nd6 67. Ra7 Rf1+ 68. Kg4 Nf7 69. Ra6+ Ke7 70. Ra7+ Kf8 71. Ra8+ Ke7 72.
Ra7+ Ke6 73. Ra6+ Nd6 74. Ra7 Rf7 75. Ra1 Nc4 76. Ra6+ Kd5 77. h6 Ne5+ 78. Kh5
g6+ 79. Rxg6 Rf1 0-1

[Event "Rusia tch 2011"]
[Site "Olginka RUS"]
[Date "2011.04.12"]
[Round "1.61"]
[White "Potapov, Pavel"]
[Black "Ponomariov, Ruslan"]
[Result "1/2-1/2"]
[WhiteElo "2474"]
[BlackElo "2743"]
[PlyCount "190"]
[EventDate "2011.04.12"]
[EventType "team"]
[EventRounds "11"]
[EventCountry "RUS"]
[Source "lmi"]
[SourceDate "2011.04.12"]
[WhiteTeam "Rusia"]
[BlackTeam "Ucrania"]
[WhiteTeamCountry "RUS"]
[BlackTeamCountry "UKR"]

1. e4 d6 2. d4 Nf6 3. Nc3 Nbd7 4. Be3 e5 5. h3 c6 6. Nf3 b5 7. Bd3 Bb7 8. dxe5
dxe5 9. O-O Be7 10. Ne2 O-O 11. Ng3 Re8 12. a4 a6 13. Rc1 Nc5 14. Nxe5 Nxa4 15.
Rb1 c5 16. c3 Bd6 17. f4 Bxe5 18. fxe5 Rxe5 19. Bf4 Re6 20. e5 Nd5 21. Be4 c4
22. Qf3 Nxf4 23. Bxb7 Qb6+ 24. Kh1 Rf8 25. Nf5 Ng6 26. Bd5 Kh8 27. Rbe1 Nxb2
28. Bxe6 fxe6 29. Qe3 Qxe3 30. Nxe3 Kg8 31. Rxf8+ Kxf8 32. Ra1 Na4 33. Nxc4
Nxc3 34. Nd6 Nxe5 35. Rxa6 Nd7 36. Nxb5 Nxb5 37. Rxe6 Kf7 38. Ra6 Nf6 39. g4
Nd4 40. Kg2 Ne6 41. Kg3 Ne4+ 42. Kf3 N4g5+ 43. Kg3 Kf6 44. Ra5 Ne4+ 45. Kf3
N4c5 46. h4 Ke5 47. Ke3 Kd6 48. Ra8 Nd7 49. Kf3 h6 50. Ra7 Ne5+ 51. Kg3 Kd5 52.
Ra4 Nc4 53. Ra1 Nd6 54. Ra5+ Nc5 55. Ra7 Ne6 56. Ra5+ Kc4 57. Re5 Nd4 58. Kf4
Nc6 59. Re1 Kd5 60. Ra1 Ne7 61. Ra7 Ke6 62. Kg3 g6 63. Ra1 Nc6 64. Re1+ Ne5 65.
Kf4 Ndc4 66. Ra1 Nd3+ 67. Ke4 Nc5+ 68. Kf4 Nb6 69. Re1+ Kf7 70. Ra1 Ne6+ 71.
Ke4 Nd7 72. Ra7 Kf6 73. Ra1 Ndc5+ 74. Kd5 Nd3 75. Rf1+ Ke7 76. Ra1 Nf8 77. Ke4
Nc5+ 78. Kd5 Ncd7 79. Re1+ Kf7 80. Rf1+ Kg7 81. Kd6 Nf6 82. Rf4 g5 83. hxg5
hxg5 84. Rf5 N8h7 85. Ke7 Kg6 86. Ke6 Ng8 87. Rf3 Nh6 88. Rf1 Kg7 89. Ra1 Nf8+
90. Ke5 Nd7+ 91. Ke6 Nf6 92. Ra5 Kg6 93. Ra6 Nhxg4 94. Ra5 Ne3 95. Rxg5+ Kxg5
1/2-1/2

[Event "Rusia tch 2011"]
[Site "Olginka RUS"]
[Date "2011.04.12"]
[Round "1.65"]
[White "Gafner, Evgeny J"]
[Black "Khismatullin, Denis"]
[Result "0-1"]
[WhiteElo "2296"]
[BlackElo "2662"]
[PlyCount "67"]
[EventDate "2011.04.12"]
[EventType "team"]
[EventRounds "11"]
[EventCountry "RUS"]
[Source "lmi"]
[SourceDate "2011.04.12"]
[WhiteTeam "Rusia"]
[BlackTeam "Rusia"]
[WhiteTeamCountry "RUS"]
[BlackTeamCountry "RUS"]

1. e4 c5 2. Nf3 Nc6 3. d4 cxd4 4. Nxd4 Nf6 5. Nc3 d6 6. Bg5 e6 7. Qd2 a6 8.
O-O-O Bd7 9. f4 b5 10. Nxc6 Bxc6 11. Qe1 Be7 12. e5 Nd5 13. Bxe7 Qxe7 14. Ne4
dxe5 15. fxe5 O-O 16. Bd3 Nf4 17. Rf1 Ng6 18. Qg3 Qh4 19. Qxh4 Nxh4 20. g3 Nf5
21. Rde1 Ra7 22. Ng5 h6 23. Bxf5 exf5 24. Nf3 Rc8 25. Nd4 Be4 26. Rf2 g6 27. g4
Rd7 28. Rd2 Rd5 29. gxf5 gxf5 30. c3 Rcd8 31. Nb3 Rxd2 32. Nxd2 Bd5 33. b3 Kh7
34. Nf1 0-1

[Event "Rusia tch 2011"]
[Site "Olginka RUS"]
[Date "2011.04.13"]
[Round "2.13"]
[White "Rublevsky, Sergei"]
[Black "Areshchenko, Alexander"]
[Result "1-0"]
[WhiteElo "2678"]
[BlackElo "2687"]
[PlyCount "103"]
[EventDate "2011.04.12"]
[EventType "team"]
[EventRounds "11"]
[EventCountry "RUS"]
[Source "lmi"]
[SourceDate "2011.04.12"]
[WhiteTeam "Rusia"]
[BlackTeam "Ucrania"]
[WhiteTeamCountry "RUS"]
[BlackTeamCountry "UKR"]

1. e4 c5 2. Nc3 d6 3. Nge2 Nf6 4. g3 Nc6 5. Bg2 g6 6. h3 Bg7 7. d3 Rb8 8. Be3
O-O 9. Qd2 b5 10. O-O b4 11. Nd1 Nd7 12. Bh6 Bxh6 13. Qxh6 Nd4 14. Qd2 a5 15.
Ne3 Nb6 16. f4 f5 17. exf5 Nxe2+ 18. Qxe2 gxf5 19. a3 Qd7 20. axb4 axb4 21. g4
e6 22. gxf5 exf5 23. Kh2 Kh8 24. Rg1 Qe7 25. Qf3 Be6 26. Qh5 Qf7 27. Qh6 Qf6
28. Qxf6+ Rxf6 29. Ra7 Bf7 30. Re1 d5 31. b3 Bg8 32. Nf1 c4 33. Nd2 cxd3 34.
cxd3 d4 35. Re5 Rc8 36. Nc4 Nxc4 37. dxc4 Rd8 38. Ra2 d3 39. Rd2 Ra6 40. Re3
Rad6 41. Bd5 Bxd5 42. Rexd3 Rg8 43. Rxd5 Re6 44. Re5 Reg6 45. Rb5 Rg3 46. Rxb4
Rf3 47. c5 Rc3 48. Rc4 Rxb3 49. c6 Rbb8 50. c7 Rbc8 51. Rd7 h5 52. Rc6 1-0

[Event "Rusia tch 2011"]
[Site "Olginka RUS"]
[Date "2011.04.13"]
[Round "2.15"]
[White "Zhigalko, Sergei"]
[Black "Bologan, Viktor"]
[Result "1/2-1/2"]
[WhiteElo "2680"]
[BlackElo "2671"]
[PlyCount "215"]
[EventDate "2011.04.12"]
[EventType "team"]
[EventRounds "11"]
[EventCountry "RUS"]
[Source "lmi"]
[SourceDate "2011.04.12"]
[WhiteTeam "Bielorusia"]
[BlackTeam "Moldavia"]
[WhiteTeamCountry "BLR"]
[BlackTeamCountry "MDA"]

1. e4 c6 2. d4 d5 3. e5 Bf5 4. Nf3 e6 5. Be2 Ne7 6. O-O c5 7. c4 Nbc6 8. Na3 a6
9. dxc5 d4 10. Qa4 Ng6 11. Rd1 d3 12. Be3 Be7 13. Nc2 O-O 14. Bxd3 Bxd3 15.
Nce1 Ncxe5 16. Nxe5 Nxe5 17. Nxd3 Nxd3 18. Qa3 Qc8 19. Rxd3 b6 20. b4 bxc5 21.
Bxc5 Bxc5 22. bxc5 Ra7 23. Rd6 Rc7 24. Rxa6 Rxc5 25. Ra8 Qxa8 26. Qxc5 Rc8 27.
Qb4 h6 28. h3 Qa6 29. Qb5 Qa7 30. Qb3 Rd8 31. Qc3 Qd4 32. Rc1 Qxc3 33. Rxc3
Rd1+ 34. Kh2 Rd2 35. a3 Kf8 36. c5 Ke8 37. c6 Kd8 38. c7+ Kc8 39. Kg3 h5 40. h4
Rd4 41. Kh3 Rd2 42. Kg3 Rd4 43. Rc5 g6 44. Rc3 e5 45. Rc6 Rf4 46. Rc5 Ra4 47.
Rxe5 Rxa3+ 48. f3 Kxc7 49. Re7+ Kd6 50. Rxf7 Ke6 51. Rf8 Ra2 52. Kh3 Rb2 53. g4
Ke7 54. Rf4 hxg4+ 55. fxg4 Rb3+ 56. Kg2 Ke6 57. Rf3 Rb1 58. g5 Ke5 59. Kh3 Rh1+
60. Kg4 Rg1+ 61. Rg3 Rh1 62. Re3+ Kd5 63. Re8 Ra1 64. Re3 Ra4+ 65. Kg3 Rb4 66.
Kh3 Ra4 67. Rg3 Ke6 68. Rf3 Ke5 69. Kg3 Rb4 70. Ra3 Ke6 71. Rf3 Ke5 72. Kh3 Ra4
73. Rg3 Ke6 74. Rf3 Ke5 75. Rf6 Ra3+ 76. Kg4 Ra4+ 77. Kg3 Ra3+ 78. Rf3 Ra4 79.
Rb3 Ke6 80. Rb6+ Kf7 81. Rf6+ Kg7 82. Rf4 Ra7 83. Rd4 Rf7 84. Rd6 Rf1 85. Rd7+
Kg8 86. Kg4 Rf2 87. Rd4 Kg7 88. Kg3 Rf1 89. Rf4 Ra1 90. Kf3 Ra3+ 91. Kg4 Ra7
92. Kf3 Ra3+ 93. Ke4 Ra5 94. Kd4 Rb5 95. Kc4 Ra5 96. Kb4 Re5 97. Kc4 Ra5 98.
Rd4 Rf5 99. Rd7+ Kg8 100. Kd3 Rf3+ 101. Kc4 Rf5 102. Rd5 Rf4+ 103. Rd4 Rf5 104.
Re4 Kg7 105. Kd4 Ra5 106. Re7+ Kg8 107. Rc7 Rf5 108. Ke4 1/2-1/2

[Event "Rusia tch 2011"]
[Site "Olginka RUS"]
[Date "2011.04.13"]
[Round "2.46"]
[White "Najer, Evgeniy"]
[Black "Moiseenko, Alexander"]
[Result "1-0"]
[WhiteElo "2638"]
[BlackElo "2673"]
[PlyCount "63"]
[EventDate "2011.04.12"]
[EventType "team"]
[EventRounds "11"]
[EventCountry "RUS"]
[Source "lmi"]
[SourceDate "2011.04.12"]
[WhiteTeam "Rusia"]
[BlackTeam "Ucrania"]
[WhiteTeamCountry "RUS"]
[BlackTeamCountry "UKR"]

1. e4 c5 2. Nf3 Nc6 3. Bb5 e6 4. O-O Nge7 5. d4 Nxd4 6. Nxd4 cxd4 7. Qxd4 a6 8.
Be2 Nc6 9. Qc3 b5 10. Bf4 Bb7 11. Rd1 Rc8 12. Qg3 Be7 13. a4 b4 14. Nd2 e5 15.
Nc4 exf4 16. Qxg7 Rf8 17. e5 Nxe5 18. Qxe5 d5 19. Qxf4 Rc6 20. Ne3 Rg6 21. Bf3
Bd6 22. Qd4 Rfg8 23. Bxd5 Bc8 24. Qc4 R8g7 25. Rd4 Kf8 26. Rad1 Rh6 27. g3 Bd7
28. Be4 Rxh2 29. Rxd6 Qh4 30. Rxd7 Rxg3+ 31. fxg3 Qxg3+ 32. Ng2 1-0

[Event "Rusia tch 2011"]
[Site "Olginka RUS"]
[Date "2011.04.13"]
[Round "2.62"]
[White "Svidler, Peter"]
[Black "Grishchenko, Sergey"]
[Result "1-0"]
[WhiteElo "2730"]
[BlackElo "2475"]
[PlyCount "77"]
[EventDate "2011.04.12"]
[EventType "team"]
[EventRounds "11"]
[EventCountry "RUS"]
[Source "lmi"]
[SourceDate "2011.04.12"]
[WhiteTeam "Rusia"]
[BlackTeam "Rusia"]
[WhiteTeamCountry "RUS"]
[BlackTeamCountry "RUS"]

1. c4 Nf6 2. d4 e6 3. Nc3 d5 4. Bf4 Be7 5. e3 O-O 6. Rc1 a6 7. c5 Nc6 8. a3 b6
9. b4 Bb7 10. Bd3 Nd7 11. Nf3 Bf6 12. Bb1 bxc5 13. bxc5 g6 14. O-O Bg7 15. Bg3
Ne7 16. Qa4 h6 17. Bd3 Ra7 18. Na2 Nf5 19. Bxf5 exf5 20. Rb1 Nf6 21. c6 Bc8 22.
Nc3 Ne4 23. Nb5 Nxg3 24. hxg3 Ra8 25. Qa5 Be6 26. Nxc7 Rc8 27. Rb7 Re8 28. Qb6
Re7 29. Nxd5 Qxd5 30. Rxe7 Rxc6 31. Qb8+ Kh7 32. Ne5 Rc3 33. Rb1 Rxa3 34. Qb7
Bxe5 35. Qxd5 Bxd5 36. Rxe5 Be6 37. d5 Ra5 38. Rd1 Kg7 39. Rxe6 1-0

[Event "Rusia tch 2011"]
[Site "Olginka RUS"]
[Date "2011.04.14"]
[Round "3.13"]
[White "Vitiugov, Nikita"]
[Black "Rublevsky, Sergei"]
[Result "1-0"]
[WhiteElo "2720"]
[BlackElo "2678"]
[PlyCount "75"]
[EventDate "2011.04.12"]
[EventType "team"]
[EventRounds "11"]
[EventCountry "RUS"]
[Source "lmi"]
[SourceDate "2011.04.12"]
[WhiteTeam "Rusia"]
[BlackTeam "Rusia"]
[WhiteTeamCountry "RUS"]
[BlackTeamCountry "RUS"]

1. d4 d5 2. c4 dxc4 3. Nf3 e6 4. e3 c5 5. Bxc4 Nf6 6. O-O a6 7. dxc5 Qxd1 8.
Rxd1 Bxc5 9. Be2 Nbd7 10. Nd4 O-O 11. Nc3 Ne5 12. Nb3 Ba7 13. Bd2 Bd7 14. Na5
Rab8 15. Rac1 Rfd8 16. Be1 Bb6 17. b4 Be8 18. Rxd8 Bxd8 19. f3 Bb6 20. Bf2 Kf8
21. a3 Ke7 22. Kf1 Nc6 23. Nc4 Ba7 24. b5 axb5 25. Nxb5 Bc5 26. Bg3 Rd8 27. Bc7
Rc8 28. Nb6 Rxc7 29. Rxc5 Nd7 30. Rc1 Nxb6 31. Nxc7 Bd7 32. Rb1 Kd6 33. Nb5+
Kc5 34. Rc1+ Kd5 35. Rd1+ Kc5 36. Nd6 Nd5 37. Rc1+ Kb6 38. Rb1+ 1-0

[Event "Rusia tch 2011"]
[Site "Olginka RUS"]
[Date "2011.04.14"]
[Round "3.23"]
[White "Popov, Valerij"]
[Black "Nakhapetiane, Pogos"]
[Result "1/2-1/2"]
[WhiteElo "2565"]
[BlackElo "2495"]
[PlyCount "49"]
[EventDate "2011.04.12"]
[EventType "team"]
[EventRounds "11"]
[EventCountry "RUS"]
[Source "lmi"]
[SourceDate "2011.04.12"]
[WhiteTeam "Rusia"]
[BlackTeam "Rusia"]
[WhiteTeamCountry "RUS"]
[BlackTeamCountry "RUS"]

1. Nf3 Nf6 2. c4 e6 3. Nc3 d5 4. d4 Bb4 5. cxd5 exd5 6. Bg5 Nbd7 7. Rc1 h6 8.
Bxf6 Bxc3+ 9. Rxc3 Nxf6 10. Nd2 Bf5 11. e3 Be4 12. Bd3 Bxd3 13. Rxd3 O-O 14.
Rb3 b6 15. O-O c5 16. dxc5 bxc5 17. Qc2 Rc8 18. h3 Qd7 19. Rd1 Rfd8 20. Ra3 c4
21. Nb1 Qb7 22. Nc3 Rb8 23. Rd2 Qb6 24. Qd1 Qc5 25. Ra6 1/2-1/2